000
00209 a2200097 4500
001
19071
100
_a
Abbeys, S
245
_a
Principal automobile engineering
260
_a
_b
Illife
_c
090
_c
14133
_d
14133
942
_a
NUST-CAE
_c
M
_c
4596
999
_c
254144
_d
254144